100 វិទ្យាសាស្រ្តអភិវត្តន៍ពិភពលោក / (Record no. 1732)

MARC details
000 -LEADER
fixed length control field 02779nam a22003257a 4500
001 - CONTROL NUMBER
control field 1732
003 - CONTROL NUMBER IDENTIFIER
control field FISKH
005 - DATE AND TIME OF LATEST TRANSACTION
control field 20231003160837.0
008 - FIXED-LENGTH DATA ELEMENTS--GENERAL INFORMATION
fixed length control field 230921b cb ||||| |||| 00| 0 khr d
020 ## - INTERNATIONAL STANDARD BOOK NUMBER
International Standard Book Number 9789924340577
040 ## - CATALOGING SOURCE
Original cataloging agency FISKH
Language of cataloging eng
Transcribing agency FISKH
Modifying agency FISKH
082 ## - DEWEY DECIMAL CLASSIFICATION NUMBER
Classification number 509.031
100 ## - MAIN ENTRY--PERSONAL NAME
Personal name Tae-kwan, Kim
245 ## - TITLE STATEMENT
Title 100 វិទ្យាសាស្រ្តអភិវត្តន៍ពិភពលោក /
Remainder of title ពីការរកឃើញឳសថប៉េនីស៊ីល្លីន រហូតដល់ទូរស័ព្ទទំនើប :
Statement of responsibility, etc. និពន្ធដោយ គីម ថែខ្វាន់ និង អ៊ីម ហ្យងវុក -​ គូររូបដោយ មុន ផ្សងយុន - បកប្រែពីភាសាថៃដោយ វ៉ា សុវណ្ណរដ្ដ
250 ## - EDITION STATEMENT
Edition statement បោះពុម្ពលើកទី ២​ សីហា​ ២០២១
260 ## - PUBLICATION, DISTRIBUTION, ETC.
Place of publication, distribution, etc. Phnom Penh :
Name of publisher, distributor, etc. Sipar,
Date of publication, distribution, etc. 2021.
300 ## - PHYSICAL DESCRIPTION
Extent 85 pages :
Other physical details color illustrations ;
Dimensions 23 cm
490 ## - SERIES STATEMENT
Series statement ខ្ញុំចង់ដឹង
Volume/sequential designation 6
505 ## - FORMATTED CONTENTS NOTE
Formatted contents note Z'<br/>
520 ## - SUMMARY, ETC.
Summary, etc. នៅក្នុងផ្នែកទី៦នៃសៀវភៅថ្លុកកំប្លែងនេះ បង្ហាញអំពីការរកឃើញឳសថប៉េនិស៊ីល្លីន ការរពង្រីកខ្លួនរបស់ចក្រវាល ទូរទស្សន៍និងការផ្សាយសម្លេង ការបង្កើតនីឡុង ការអភិវឌ្ឍថាមពលនុយក្លេអ៊ែរ គម្រោងការណ៍មែនហាត់តាន់ ការបង្កើតកុំព្យូទ័រ ការបង្កើតផ្កាយរណប ជាន់ឋានព្រះច័ន្ទ ដើមកំណើតអ៊ីនធើណែត និងការរកឃើញទូរស័ព្ទដៃទំនើប។
520 ## - SUMMARY, ETC.
Summary, etc. Part six of a comic book series exploring the discovery of penicillin, the expansion of the television and broadcasting, the creation of nylon, the development of nuclear power, the Manhattan Project, the development of computers, and the development of lunar satellites. The origins of the Internet and the discovery of smart phones are also included.
521 8# - TARGET AUDIENCE NOTE
Target audience note 1060<br/>
Source Lexile estimate<br/>
521 8# - TARGET AUDIENCE NOTE
Target audience note Z'<br/>
Source Raz-Plus<br/>
650 ## - SUBJECT ADDED ENTRY--TOPICAL TERM
Topical term or geographic name entry element វិទ្យាសាស្រ្ត
Form subdivision ស្រាវជ្រាវ
General subdivision ការអភិវឌ្ឍ
Chronological subdivision ការបង្កើត
650 ## - SUBJECT ADDED ENTRY--TOPICAL TERM
Topical term or geographic name entry element Science
Form subdivision Discovery
General subdivision Development
Chronological subdivision Creation
700 ## - ADDED ENTRY--PERSONAL NAME
Personal name Hyeong-wook, Im
Relator term Author
700 ## - ADDED ENTRY--PERSONAL NAME
Personal name Sung-hun, Jung
Relator term illustrator
700 ## - ADDED ENTRY--PERSONAL NAME
Personal name Sovannrath, Va
Relator term Translator
942 ## - ADDED ENTRY ELEMENTS (KOHA)
Source of classification or shelving scheme Dewey Decimal Classification
Koha item type Khmer Books
Suppress in OPAC No
Holdings
Withdrawn status Lost status Source of classification or shelving scheme Damaged status Not for loan Collection Home library Current library Shelving location Date acquired Total Checkouts Full call number Barcode Date last seen Copy number Price effective from Koha item type
    Dewey Decimal Classification     Khmer Non-Fiction / សៀវភៅខ្មែរ រឿងពិត Footprints International School Library Network Toul Kork Campus Footprints International School Library Network Toul Kork Campus   09/21/2023   TAE 509.031 2023-0691 09/21/2023 1 09/21/2023 Khmer Books
    Dewey Decimal Classification     Khmer Non-Fiction / សៀវភៅខ្មែរ រឿងពិត Footprints International School Library Network Toul Kork Campus Footprints International School Library Network Toul Kork Campus   09/21/2023   TAE 509.031 2023-0692 09/21/2023 2 09/21/2023 Khmer Books